000 00678nam a2200205Ia 4500
001 2934
003 GE_BSU
008 181216s||||||||xx |||||||||||||| ||und||
040 _cGE_BSU
080 _a541
245 _aСправочник химика. Том шестой: сырье и продукты промышленности органических веществ.
245 _cГл. ред. Б.П.Никольский.
250 _aВторое изд., перераб. и дополненное.
260 _aМ.
260 _bХимия.
260 _c1967.
300 _a1010 стр. 22 см.
653 _aСправочник химика.
942 _cBK
999 _c36982
_d36982